00878nam a2200241Ia 4500003000400000005001700004008004100021020001500062040001800077041000800095082002200103245008000125250001200205260005000217300002200267650002900289650004300318700003100361700002400392942003100416999001900447952017000466OSt20220716103700.0210716s1997 xx 000 0 und d a8173191239 cAIMIT LIBRARY aeng a515.352 21bBHAJ aModelling of complex systems /cEdited by J K Bhattacharjee and A K Mallik. a1st ed. aNew Delhi :bNarosa Publishing House ,c1997. av,439p. ;c23 cm. aDynamical systems950320 aNonlinear mechanical vibrations950321 aBhattacharjee, J K.950322 aMallik, A K.950323 2ddccBKe1stk515.352 BHAJ c185816d185816 00102ddc40708MCAaAIMITbAIMITeSita Book Houseg300.00iBill no:5235; Bill dt:2003-08-18l0o515.352 BHAJpMCA05324r2025-07-21 00:00:00v255.00w2021-07-16yBK